Central Library OPAC University of Rajshahi

Advance accounting : (Record no. 61463)

MARC details
000 -LEADER
fixed length control field 00639nam a2200229 a 4500
001 - CONTROL NUMBER
control field 61463
003 - CONTROL NUMBER IDENTIFIER
rucl marc code BD-RjUL
005 - DATE AND TIME OF LATEST TRANSACTION
control field 20211209080952.0
008 - FIXED-LENGTH DATA ELEMENTS--GENERAL INFORMATION
fixed length control field 050816s1966 bg a 000 0 eng
035 ## - SYSTEM CONTROL NUMBER
System control number (BD-RjUL)61587
040 ## - CATALOGING SOURCE
Original cataloging agency ANL
Language of cataloging eng
Transcribing agency BD-RjUL
Modifying agency BD-RjUL
041 ## - LANGUAGE CODE
Language code of text/sound track or separate title eng
082 04 - DEWEY DECIMAL CLASSIFICATION NUMBER
Classification number 657
Edition number 23
Author mark and year KHA 1966
100 ## - MAIN ENTRY--PERSONAL NAME
Personal name Khan, Md. Muinuddin
9 (RLIN) 183202
245 10 - TITLE STATEMENT
Title Advance accounting :
Remainder of title based entirely on pakistani law & practice /
Statement of responsibility, etc. Md. Muinuddin Khan
250 ## - EDITION STATEMENT
Edition statement 1st ed.
260 ## - PUBLICATION, DISTRIBUTION, ETC. (IMPRINT)
Place of publication, distribution, etc. Dhaka :
Name of publisher, distributor, etc. Ideal Library,
Date of publication, distribution, etc. 1966.
300 ## - PHYSICAL DESCRIPTION
Pagination -V- :
Illustrations ill ;
Size 25 cm.
505 ## - FORMATTED CONTENTS NOTE
Formatted contents note V-1.
650 #0 - SUBJECT ADDED ENTRY--TOPICAL TERM
Topical term or geographic name as entry element Accounting.
9 (RLIN) 175106
942 ## - ADDED ENTRY ELEMENTS (KOHA)
Source of classification or shelving scheme Dewey Decimal Classification
Koha item type Books
Holdings
Lost status Source of classification or shelving scheme Damaged status Not for loan Collection code Permanent Location Current Location Shelving location Date acquired Source of acquisition Cost, normal purchase price Total Checkouts Full call number Date last seen Copy number Koha item type
  Dewey Decimal Classification   Not For Loan Non-fiction Central Library, University of Rajshahi Central Library, University of Rajshahi Reading Room 23/01/1967 Book center 32.00   657 KHA V-1 1966 18/01/2017 C-1 Books
  Dewey Decimal Classification     Non-fiction Central Library, University of Rajshahi Central Library, University of Rajshahi   10/04/1967 Karchi, royal Book. Co. 17.50   657 KHA V-1 1966 19/03/2019 C-2 Books
  Dewey Decimal Classification     Non-fiction Central Library, University of Rajshahi Central Library, University of Rajshahi   10/04/1967 Royal book , karachi 17.50   657 KHA 1966 V-1 09/04/2019 C-3 Books